000 01039npm a2200241 i 4500
001 5062
003 ES-MaACL
005 20250814001558.0
007 hzrazu bucu
008 890403r19891921sp b 00010 spa d
080 _a614(061.21)
100 1 _aOlea y Córdova, Gregorio.
_986698
245 1 0 _aAdulteraciones alimenticias
_b: [Microforma] : medios practicos de reconocerlas y modos de evitarlas : accion del Estado y del individuo /
_cpor Gregorio Olea Cordoba.
260 _aMadrid :
_bAteneo Cientifico, Literario y Artistico,
_c1989.
300 _a33 fotogramas en 1 microficha :
_bnegativo.
490 1 _aMemorias premiadas de la Sociedad Española de Higiene. Legado Roel ;
_v28
500 _aPublicado originalmente: Madrid, Sociedad Española de Higiene, 1921.
810 2 _aSociedad Española de Higiene-
_kMemorias premiadas
_96727
830 0 0 _aLegado Roel: Colección de memorias premiadas
_v28
_9183286
852 _aES-MaACL
_jMCF-3
_95179
_cDEPO1
942 _2udc
_cMICROFORMA
999 _c5062
_d5062